Načítá se...

Jan sandhan anusandhan aur samkyiki /

Podrobná bibliografie
Hlavní autor: Ragendra Rahi
Médium: Printed Book
Jazyk:Hindi
Vydáno: Varanasi : Sanjay Book Centre , 2003.
LEADER 00544nam a2200157Ia 4500
008 150624b xxu||||| |||| 00| | hin d
020 |a 8177410512 
082 |a 302.2072 
100 |a Ragendra Rahi 
245 |c Ragendra Rahi  |a Jan sandhan anusandhan aur samkyiki / 
260 |a Varanasi :  |b Sanjay Book Centre ,  |c 2003. 
300 |a 338 p.+ 
546 |a In Hindi. 
942 |c BK 
999 |c 93188  |d 93188 
952 |0 0  |1 0  |4 0  |6 302_207200000000000_RAJ_J_H  |7 0  |9 93130  |a UL  |b UL  |c ST1  |d 2006-01-12  |e CB   |l 0  |o 302.2072 RAJ/J H  |p 80008  |r 2012-10-27  |v 300.00  |w 2012-10-27  |y BK